| 000 | 00407nam a2200145Ia 4500 | ||
|---|---|---|---|
| 008 | 230917s9999||||xx |||||||||||||| ||und|| | ||
| 040 |
_e130935 _aMAIN |
||
| 041 | _aEnglish | ||
| 082 | _a338.544 N213 O | ||
| 100 | _aNational Committee on Science and Technology | ||
| 245 | 0 | _aOutlook for Indian's future (200 A.D.): short studies in futures research | |
| 260 | _c1980 | ||
| 300 | _a4948 p. | ||
| 942 | _cBK | ||
| 999 |
_c47875 _d47875 |
||